| 000 | 00325nam a22001097a 4500 | ||
|---|---|---|---|
| 082 | _a660 SCH'P | ||
| 100 |
_aMARLIES, CHARLES A,SCHMIDT, ALOIS X _980352 |
||
| 245 | _aPRINCIPLES HIGH POLYMER THEORY AND PRACTICE FIBER PLASTICS RUBBER COATING ADHESIVES | ||
| 260 |
_aNEWYORK _bMCGRAW HILL _c1948 |
||
| 300 | _a743P | ||
| 942 | _cBK | ||
| 999 |
_c585303 _d585303 |
||